|
|
|
|
| LEADER |
00000nam2a2200000 4500 |
| 001 |
147662 |
| 005 |
20231101221316.0 |
| 035 |
|
|
|a (RuTPU)RU\TPU\book\160050
|
| 090 |
|
|
|a 147662
|
| 100 |
|
|
|a 20081118d1975 k y0rusy50 ca
|
| 101 |
0 |
|
|a rus
|
| 102 |
|
|
|a RU
|
| 105 |
|
|
|a a z 001zy
|
| 200 |
0 |
|
|a Кн. 1
|
| 210 |
|
|
|d 1975
|
| 215 |
|
|
|a 519 с.
|c ил.
|
| 320 |
|
|
|a Библиография в конце глав.
|
| 461 |
|
1 |
|0 (RuTPU)RU\TPU\book\159038
|t Методы элементоорганической химии. Типы металлоорганических соединений переходных металлов
|o в 2 кн.
|f Академия наук СССР (АН СССР), Институт элементоорганических соединений им. А. Н. Несмеянова (ИНЭОС), (Москва) ; под ред. А. Н. Несмеянова , К. А. Кочешкова
|v Кн. 1
|d 1975
|
| 606 |
1 |
|
|a Элементоорганические соединения
|x Химия
|2 stltpush
|3 (RuTPU)RU\TPU\subj\21138
|9 46177
|
| 610 |
1 |
|
|a органическая химия
|
| 610 |
1 |
|
|a металлы
|
| 610 |
1 |
|
|a переходные металлы
|
| 610 |
1 |
|
|a карбонилы
|
| 610 |
1 |
|
|a изонитрильные комплексы
|
| 675 |
|
|
|a 547.1'1
|v 3
|
| 801 |
|
1 |
|a RU
|b 63413507
|c 20081118
|g PSBO
|
| 801 |
|
2 |
|a RU
|b 63413507
|c 20170630
|g PSBO
|
| 942 |
|
|
|c BK
|